Statistics for Queen of Peace Lyrics (Florence + The Machine)

Click here to take the quiz!

General Stats

  • This quiz has been taken 165 times
    (50 since last reset)
  • The average score is 219 of 266

Answer Stats

Lyric% Correct
a
100%
I
100%
is
100%
of
100%
the
100%
Oh
97%
oh
97%
peace
97%
Queen
97%
it
94%
that
94%
what
94%
when
94%
his
91%
king
91%
mad
91%
no
91%
to
91%
you
91%
all
88%
gone
88%
I'm
88%
on
88%
over
88%
suffering
88%
and
85%
best
85%
down
85%
her
85%
me
85%
some
85%
will
85%
always
82%
does
82%
for
82%
love
82%
never
82%
run
82%
sun
82%
that's
82%
within
82%
won
82%
your
82%
you're
82%
already
79%
away
79%
battle
79%
but
79%
conquer
79%
damage
79%
deep
79%
done
79%
hill
79%
hurt
79%
left
79%
like
79%
running
79%
son
79%
stars
79%
worth
79%
cause
76%
glowing
76%
him
76%
my
76%
oblivion
76%
only
76%
suddenly
76%
things
76%
blood
74%
chase
74%
cut
74%
driving
74%
good
74%
got
74%
grief
74%
now
74%
setting
74%
sleep
74%
this
74%
come
71%
cure
71%
overcome
71%
someone
71%
into
68%
keep
68%
lose
68%
made
68%
please
68%
relief
68%
echoing
65%
have
65%
use
65%
want
65%
any
62%
boat
62%
fortress
62%
out
62%
somebody's
62%
called
56%
dissolving
56%
sorrow
56%
against
53%
long
53%
there
53%
scream
44%

Score Distribution

Percentile by Number Answered

Percent of People with Each Score

Your Score History

You have not taken this quiz since the last reset